Statistics for Capitals of the Countries that Start with A

Click here to take the quiz!

General Stats

  • This quiz has been taken 48 times
  • The average score is 10 of 11

Answer Stats

Country Capital % Correct
AustraliaCanberra
98%
AustriaVienna
98%
AfghanistanKabul
95%
AlbaniaTirana
95%
ArgentinaBuenos Aires
95%
AlgeriaAlgiers
93%
AndorraAndorra la Vella
91%
AzerbaijanBaku
89%
AngolaLuanda
86%
ArmeniaYerevan
80%
Antigua and BarbudaSaint John's
75%

Score Distribution

Percentile by Number Answered

Percent of People with Each Score

Your Score History

You have not taken this quiz